All foreign players 1. FC Köln - Statistics

General Stats
  • This quiz has been taken 59 times
  • The average score is 46 of 198
Answer Stats
Hint Answer % Correct
Florian Kainz
74%
Anthony Modeste
72%
Ellyes Skhiri
64%
Faryd Mondragón
62%
Milivoje Novakovič
62%
Pedro Geromel
62%
Sargis Adamyan
62%
Salih Özcan
59%
Mišo Brečko
56%
Petit
56%
Anthony Ujah
54%
Dejan Ljubicic
54%
Claudio Pizarro
51%
Jacob Christensen
51%
Maniche
51%
Yuya Ōsako
51%
Adil Chihi
49%
Sebastian Andersson
49%
Jhon Córdoba
46%
Roda Antar
46%
Serhou Guirassy
46%
Toni Polster
46%
Youssef Mohamad
46%
Sławomir Peszko
44%
Fabrice Ehret
41%
Mathias Olesen
41%
Paweł Olkowski
41%
Tony Woodcock
41%
Jorge Meré
38%
Kevin McKenna
38%
Leart Paqarada
38%
Morten Olsen
38%
Ondrej Duda
38%
Ricardo Cabanas
38%
Bård Finne
36%
Henrik Andersen
36%
Lilian Laslandes
36%
Louis Schaub
36%
Marco Streller
36%
Mërgim Mavraj
36%
Rigobert Song
36%
Sebastiaan Bornauw
36%
Archil Arveladze
33%
Bernt Haas
33%
Dominic Maroh
33%
Rezo Arveladze
33%
Roger Van Gool
33%
Sunday Oliseh
33%
Tae-Se Chong
33%
Ümit Özat
33%
Vincent Koziello
33%
Zoran Tošić
33%
Konstantin Rausch
31%
Pascal Ojigwe
31%
Pierre Womé
31%
Yasuhiko Okudera
31%
Dorinel Munteanu
28%
Flemming Povlsen
28%
Miloš Jojić
28%
Moses Sichone
28%
Alpay Özalan
26%
Artjoms Rudņevs
26%
Dimitris Limnios
26%
Joshua Kennedy
26%
Kevin Wimmer
26%
Kingsley Ehizibue
26%
Kristian Pedersen
26%
Nemanja Vučićević
26%
Ralph Hasenhüttl
26%
Toluwalase Arokodare
26%
Andrew Sinkala
23%
Evanilson
23%
Frederik Sørensen
23%
Kazuki Nagasawa
23%
Khodadad Azizi
23%
Mato Jajalo
23%
Maynor Suazo
23%
Odise Roshi
23%
Ole Sørensen
23%
Preben Elkjær Larsen
23%
Rolf-Christel Guié-Mien
23%
Sergiu Radu
23%
Spasoje Bulajič
23%
Zézé
23%
Andrezinho
21%
Andriy Voronin
21%
Andrzej Rudy
21%
Birger Verstraete
21%
Birk Risa
21%
Christian Dollberg
21%
Deyverson
21%
João Queirós
21%
Nikola Soldo
21%
René Botteron
21%
Serhat Akın
21%
Stefan Maierhofer
21%
Wilfried Sanou
21%
Anthony Baffoe
18%
Anthony Lurling
18%
David Pizanti
18%
Derek Boateng
18%
Dimitrios Grammozis
18%
Emmanuel Dennis
18%
Ismail Jakobs
18%
Kim Christofte
18%
Lukas Sinkiewicz
18%
Manasseh Ishiaku
18%
Marc Zellweger
18%
Marvin Matip
18%
Milutin Šoškić
18%
Roger Magnusson
18%
Thomas Parits
18%
Anders Giske
15%
Attila Tököli
15%
Benny Wendt
15%
Bjarne Goldbæk
15%
Brady Scott
15%
Daniel Royer
15%
Darko Churlinov
15%
Imre Szabics
15%
Ion Vlădoiu
15%
Mariano Tripodi
15%
Michel Van De Korput
15%
Mikael Ishak
15%
Pekka Lagerblom
15%
Philipp Hosiner
15%
Román Golobart
15%
Srđan Čebinac
15%
Tomoaki Makino
15%
Vincent Mennie
15%
Adam Matuszczyk
13%
Aleksandar Mitreski
13%
Alexandru Ioniță
13%
Andrzej Kobylański
13%
Bruno Nascimento
13%
Christer Fursth
13%
Dušan Švento
13%
Edward Sarpei
13%
Fábio Luciano
13%
Filip Mladenović
13%
Ivan Vukomanović
13%
Jann Jensen
13%
Konstantinos Giannoulis
13%
Miroslav Baránek
13%
Nikolas Nartey
13%
Pablo Thiam
13%
Peter Madsen
13%
Ricardo-Horacio Neumann
13%
Slobodan Topalović
13%
Tomáš Kalas
13%
Vassilios Tsiartas
13%
Alassane Ouedraogo
10%
Ammar Jemal
10%
Anas Ouahim
10%
Boris Živković
10%
Fábio Bilica
10%
Goren Vučević
10%
Hikmet Çiftçi
10%
José Vunguidica
10%
Kostas Konstantinidis
10%
Michael Lejan
10%
Miodrag Petrović
10%
Miro Varvodić
10%
Tomasz Kłos
10%
Vladan Grujić
10%
Youssef Mokhtari
10%
André Beleza
8%
Coşkun Taş
8%
Daniel Chitsulo
8%
Darko Pivaljević
8%
Edhem Šljivo
8%
Enis Alushi
8%
Frans De Munck
8%
Giovanni Federico
8%
Ivica Grlić
8%
Kacper Przybyłko
8%
Rasmus Cartensen
8%
Rijad Smajic
8%
Roger Nilsen
8%
Sereno
8%
Tomasz Zdebel
8%
Vjatcheslav Sokolov
8%
Aleksandr Rychkov
5%
Antonio Ananiev
5%
Bart Carlier
5%
Baykal Kulaksızoğlu
5%
Dariusz Dziekanowski
5%
Filip Kusić
5%
Luciano Emílio
5%
Marius Johnsen
5%
Tiago
5%
Tomáš Ostrák
5%
Berkan Algan
3%
Dino Bišanović
3%
Evangelos Nessos
3%
Joseph Londji
3%
Telat Üzüm
3%
Tschik Čajkovski
3%
No matching quizzes found
Score Distribution
Percent of People with Each Score
Percentile by Number Answered
Your Score History
You have not taken this quiz